01162nam a2200253 a 450000100100000000500170001000800410002702000150006804000250008310000360010824501610014426000720030530000210037749000480039850000210044650400730046770000410054070000620058171000610064374000270070483000550073195201050078699900170089100004102220201002034546.0130913s2000 sp 001 0 spa d a8400078764 aDO-SdBNPbspacBNPHU1 aVega, Lope de,d1562-16359308413aEl bosque de amor ;bEl labrador de la Mancha : autos sacramentales inéditos /cLope de Vega ; introducción edición y notas de Agustín de la Granja. aMadrid :bConsejo Superior de Investigaciones Científicas,c2000. a356 p. ;c24 cm.1 aBiblioteca de filología hispánica ;v24 aIncluye índice aIncluye referencias bibliográficas y notas al pie de las páginas1 aGranja, Agustín de la.eed.9674901 aVega, Lope de,d1562-1635.tLabrador de la Mancha.9674912 aConsejo Superior de Investigaciones Científicas,9478602aLabrador de la Mancha. 0aBiblioteca de filología hispánica ;v24967489 001050718MOaGRbGRcCTd2013-09-13iLF1l0o p41022-10r2020-06-25w2020-06-25y1ZNo se presta c40512d40512